[Event "Stay Safe Play From Home 375"]
[Site "Emanuel Lasker Arena"]
[Date "2020.08.11"]
[Round "2"]
[White "Haris kollari 13"]
[Black "Ionelluca"]
[Result "0-1"]
[WhiteElo "1966"]
[BlackElo "2054"]
[Annotator "NA"]
[PlyCount "148"]
[EventDate "2020.08.11"]
[EventType "swiss (blitz)"]

1. e4 {[%emt 0:00:02]} d6 {[%emt 0:00:01]} 2. f4 {[%emt 0:00:02]} e5 {[%emt 0:00:02]} 3. Nf3 {[%emt 0:00:05]} f5 {[%emt 0:00:01]} 4. exf5 {[%emt 0:00:03]} Bxf5 {[%emt 0:00:09]} 5. fxe5 {[%emt 0:00:01]} dxe5 {[%emt 0:00:01]} 6. Nc3 {[%emt 0:00:22]} e4 {[%emt 0:00:07]} 7. Qe2 {[%emt 0:00:02]} Qe7 {[%emt 0:00:04]} 8. Nd4 {[%emt 0:00:02]} Bg6 {[%emt 0:00:06]} 9. h4 {[%emt 0:00:14]} Nf6 {[%emt 0:00:02]} 10. g4 {[%emt 0:00:03]} h6 {[%emt 0:00:15]} 11. Bg2 {[%emt 0:00:03]} Qe5 {[%emt 0:00:10]} 12. Qb5+ {[%emt 0:00:08]} Nbd7 {[%emt 0:00:10]} 13. Qxe5+ {[%emt 0:00:23]} Nxe5 {[%emt 0:00:01]} 14. g5 {[%emt 0:00:06]} hxg5 {[%emt 0:00:02]} 15. hxg5 {[%emt 0:00:01]} Rxh1+ {[%emt 0:00:01]} 16. Bxh1 {[%emt 0:00:01]} Nh7 {[%emt 0:00:06]} 17. Nxe4 {[%emt 0:00:03]} O-O-O {[%emt 0:00:05]} 18. c3 {[%emt 0:00:02]} Bxe4 {[%emt 0:00:08]} 19. Bxe4 {[%emt 0:00:02]} Nxg5 {[%emt 0:00:01]} 20. Bf5+ {[%emt 0:00:04]} Kb8 {[%emt 0:00:01]} 21. d3 {[%emt 0:00:01]} Ngf3+ {[%emt 0:00:07]} 22. Nxf3 {[%emt 0:00:03]} Nxf3+ {[%emt 0:00:01]} 23. Kf2 {[%emt 0:00:01]} Ne5 {[%emt 0:00:08]} 24. d4 {[%emt 0:00:01]} Nc4 {[%emt 0:00:02]} 25. b3 {[%emt 0:00:03]} Nd6 {[%emt 0:00:03]} 26. Bd3 {[%emt 0:00:01]} Be7 {[%emt 0:00:02]} 27. Bf4 {[%emt 0:00:01]} g5 {[%emt 0:00:04]} 28. Be5 {[%emt 0:00:04]} Rf8+ {[%emt 0:00:01]} 29. Kg2 {[%emt 0:00:01]} Kc8 {[%emt 0:00:11]} 30. Rf1 {[%emt 0:00:02]} Rxf1 {[%emt 0:00:04]} 31. Kxf1 {[%emt 0:00:01]} Kd7 {[%emt 0:00:01]} 32. Kg2 {[%emt 0:00:01]} Ke6 {[%emt 0:00:03]} 33. Kg3 {[%emt 0:00:02]} c6 {[%emt 0:00:04]} 34. Kg4 {[%emt 0:00:02]} Bd8 {[%emt 0:00:10]} 35. c4 {[%emt 0:00:06]} c5 {[%emt 0:00:05]} 36. Bxd6 {[%emt 0:00:04]} Kxd6 {[%emt 0:00:01]} 37. d5 {[%emt 0:00:01]} Bf6 {[%emt 0:00:01]} 38. Bf5 {[%emt 0:00:02]} Ke5 {[%emt 0:00:04]} 39. Bc8 {[%emt 0:00:02]} b6 {[%emt 0:00:01]} 40. a4 {[%emt 0:00:02]} Be7 {[%emt 0:00:01]} 41. Bb7 {[%emt 0:00:02]} Kf6 {[%emt 0:00:02]} 42. Bc8 {[%emt 0:00:02]} Bd6 {[%emt 0:00:01]} 43. Bf5 {[%emt 0:00:02]} Bf4 {[%emt 0:00:01]} 44. Bc2 {[%emt 0:00:06]} Ke5 {[%emt 0:00:02]} 45. Bd1 {[%emt 0:00:01]} Kf6 {[%emt 0:00:04]} 46. Bc2 {[%emt 0:00:01]} Bd6 {[%emt 0:00:01]} 47. Bh7 {[%emt 0:00:03]} Be5 {[%emt 0:00:01]} 48. Bg8 {[%emt 0:00:01]} Bf4 {[%emt 0:00:01]} 49. Be6 {[%emt 0:00:01]} Ke5 {[%emt 0:00:04]} 50. Bc8 {[%emt 0:00:01]} Kd4 {[%emt 0:00:10]} 51. Kf5 {[%emt 0:00:07]} Kc3 {[%emt 0:00:01]} 52. Ba6 {[%emt 0:00:01]} Kxb3 {[%emt 0:00:01]} 53. Bb5 {[%emt 0:00:01]} Kb4 {[%emt 0:00:05]} 54. Kg4 {[%emt 0:00:07]} Ka5 {[%emt 0:00:01]} 55. Kf5 {[%emt 0:00:03]} a6 {[%emt 0:00:01]} 56. Bc6 {[%emt 0:00:01]} Kb4 {[%emt 0:00:01]} 57. Ke6 {[%emt 0:00:01]} Kxc4 {[%emt 0:00:04]} 58. d6 {[%emt 0:00:01]} b5 {[%emt 0:00:04]} 59. d7 {[%emt 0:00:13]} Bc7 {[%emt 0:00:02]} 60. Ke7 {[%emt 0:00:01]} bxa4 {[%emt 0:00:06]} 61. Bxa4 {[%emt 0:00:02]} Kb4 {[%emt 0:00:01]} 62. Bd1 {[%emt 0:00:02]} c4 {[%emt 0:00:01]} 63. d8=Q {[%emt 0:00:01]} Bxd8+ {[%emt 0:00:01]} 64. Kxd8 {[%emt 0:00:00]} a5 {[%emt 0:00:01]} 65. Kc7 {[%emt 0:00:01]} a4 {[%emt 0:00:01]} 66. Kc6 {[%emt 0:00:00]} a3 {[%emt 0:00:01]} 67. Bc2 {[%emt 0:00:07]} a2 {[%emt 0:00:01]} 68. Kd5 {[%emt 0:00:00]} a1=Q {[%emt 0:00:01]} 69. Bf5 {[%emt 0:00:00]} Qd1+ {[%emt 0:00:02]} 70. Ke4 {[%emt 0:00:01]} Qc2+ {[%emt 0:00:03]} 71. Ke5 {[%emt 0:00:01]} Qxf5+ {[%emt 0:00:01]} 72. Kxf5 {[%emt 0:00:00]} c3 {[%emt 0:00:01]} 73. Kxg5 {[%emt 0:00:00]} c2 {[%emt 0:00:01]} 74. Kg4 {[%emt 0:00:00]} c1=Q {[%emt 0:00:01] Haris kollari 13 resigns Haris kollari 13 resigns Haris kollari 13 resigns Haris kollari 13 resigns Haris kollari 13 resigns (Lag: Av=0.56s, max=1.2s) (Lag: Av=0.56s, max=1.2s) (Lag: Av=0.56s, max=1.2s) (Lag: Av=0.56s, max=1.2s) (Lag: Av=0.56s, max=1.2s)} 0-1

[Event "Stay Safe Play From Home 375"]
[Site "Emanuel Lasker Arena"]
[Date "2020.08.11"]
[Round "2"]
[White "Timbre"]
[Black "Dreamsoldier"]
[Result "1-0"]
[WhiteElo "1600"]
[BlackElo "1326"]
[Annotator "NA"]
[PlyCount "31"]
[EventDate "2020.08.11"]
[EventType "swiss (blitz)"]

1. d4 {[%emt 0:00:02]} Nf6 {[%emt 0:00:00]} 2. Nf3 {[%emt 0:00:02]} g6 {[%emt 0:00:00]} 3. c3 {[%emt 0:00:01]} Bg7 {[%emt 0:00:00]} 4. Bf4 {[%emt 0:00:01]} O-O {[%emt 0:00:00]} 5. e3 {[%emt 0:00:01]} d6 {[%emt 0:00:00]} 6. Be2 {[%emt 0:00:02]} Bg4 {[%emt 0:00:00]} 7. Nbd2 {[%emt 0:00:01]} Bxf3 {[%emt 0:00:00]} 8. Nxf3 {[%emt 0:00:02]} Nc6 {[%emt 0:00:00]} 9. O-O {[%emt 0:00:02]} Ne4 {[%emt 0:00:00]} 10. Qc2 {[%emt 0:00:02]} d5 {[%emt 0:00:02]} 11. a3 {[%emt 0:00:05]} e6 {[%emt 0:00:00]} 12. c4 {[%emt 0:00:02]} a6 {[%emt 0:00:02]} 13. cxd5 {[%emt 0:00:03]} exd5 {[%emt 0:00:00]} 14. Rac1 {[%emt 0:00:07]} Rc8 {[%emt 0:00:01]} 15. Bd3 {[%emt 0:00:05]} Re8 {[%emt 0:00:03]} 16. Qb3 {[%emt 0:00:09] Dreamsoldier terk eder Dreamsoldier terk eder Dreamsoldier terk eder Dreamsoldier terk eder Dreamsoldier terk eder (Lag: Av=0.41s, max=0.8s) (Lag: Av=0.41s, max=0.8s) (Lag: Av=0.41s, max=0.8s) (Lag: Av=0.41s, max=0.8s) (Lag: Av=0.41s, max=0.8s)} 1-0

[Event "Stay Safe Play From Home 375"]
[Site "Emanuel Lasker Arena"]
[Date "2020.08.11"]
[Round "2"]
[White "Milos M"]
[Black "Kongle"]
[Result "0-1"]
[WhiteElo "1352"]
[BlackElo "1761"]
[Annotator "NA"]
[PlyCount "52"]
[EventDate "2020.08.11"]
[EventType "swiss (blitz)"]

1. d4 {[%emt 0:00:03]} Nf6 {[%emt 0:00:05]} 2. c4 {[%emt 0:00:04]} e6 {[%emt 0:00:01]} 3. e3 {[%emt 0:00:02]} d5 {[%emt 0:00:01]} 4. Nc3 {[%emt 0:00:02]} Bb4 {[%emt 0:00:02]} 5. Bd2 {[%emt 0:00:02]} Nc6 {[%emt 0:00:02]} 6. a3 {[%emt 0:00:02]} Be7 {[%emt 0:00:02]} 7. b3 {[%emt 0:00:04]} O-O {[%emt 0:00:04]} 8. Nf3 {[%emt 0:00:02]} Re8 {[%emt 0:00:03]} 9. Bd3 {[%emt 0:00:03]} Bf8 {[%emt 0:00:01]} 10. O-O {[%emt 0:00:01]} e5 {[%emt 0:00:04]} 11. h3 {[%emt 0:00:22]} e4 {[%emt 0:00:04]} 12. Nxe4 {[%emt 0:00:05]} dxe4 {[%emt 0:00:03]} 13. Bxe4 {[%emt 0:00:04]} Nxe4 {[%emt 0:00:02]} 14. d5 {[%emt 0:00:02]} Ne5 {[%emt 0:00:03]} 15. Nxe5 {[%emt 0:00:03]} Rxe5 {[%emt 0:00:01]} 16. Bc3 {[%emt 0:00:06]} Nxc3 {[%emt 0:00:03]} 17. Qc2 {[%emt 0:00:01]} Ne4 {[%emt 0:00:08]} 18. f4 {[%emt 0:00:04]} Re8 {[%emt 0:00:04]} 19. Rae1 {[%emt 0:00:10]} Bf5 {[%emt 0:00:03]} 20. Qe2 {[%emt 0:00:03]} Ng3 {[%emt 0:00:03]} 21. Qf3 {[%emt 0:00:03]} Nxf1 {[%emt 0:00:01]} 22. Rxf1 {[%emt 0:00:01]} Be4 {[%emt 0:00:04]} 23. Qg4 {[%emt 0:00:04]} Bxa3 {[%emt 0:00:02]} 24. h4 {[%emt 0:00:05]} Bc5 {[%emt 0:00:04]} 25. Re1 {[%emt 0:00:04]} c6 {[%emt 0:00:06]} 26. h5 {[%emt 0:00:03]} h6 {[%emt 0:00:02] Milos M resigns Milos M resigns Milos M resigns Milos M resigns Milos M resigns} 0-1

[Event "Stay Safe Play From Home 375"]
[Site "Emanuel Lasker Arena"]
[Date "2020.08.11"]
[Round "3"]
[White "Ionelluca"]
[Black "MihailoVujic"]
[Result "1/2-1/2"]
[WhiteElo "2066"]
[BlackElo "2105"]
[Annotator "NA"]
[PlyCount "186"]
[EventDate "2020.08.11"]
[EventType "swiss (blitz)"]

1. e4 {[%emt 0:00:03]} e5 {[%emt 0:00:01]} 2. Bc4 {[%emt 0:00:04]} Nf6 {[%emt 0:00:03]} 3. Nf3 {[%emt 0:00:02]} Nc6 {[%emt 0:00:02]} 4. Ng5 {[%emt 0:00:03]} d5 {[%emt 0:00:02]} 5. exd5 {[%emt 0:00:01]} Nd4 {[%emt 0:00:00]} 6. c3 {[%emt 0:00:04]} b5 {[%emt 0:00:02]} 7. cxd4 {[%emt 0:00:02]} bxc4 {[%emt 0:00:02]} 8. dxe5 {[%emt 0:00:02]} Qxd5 {[%emt 0:00:01]} 9. exf6 {[%emt 0:00:05]} Qxg5 {[%emt 0:00:01]} 10. Qe2+ {[%emt 0:00:08]} Be6 {[%emt 0:00:02]} 11. Nc3 {[%emt 0:00:09]} Qxg2 {[%emt 0:00:04]} 12. Rf1 {[%emt 0:00:02]} O-O-O {[%emt 0:00:05]} 13. Qe4 {[%emt 0:00:18]} Qxe4+ {[%emt 0:00:26]} 14. Nxe4 {[%emt 0:00:01]} gxf6 {[%emt 0:00:01]} 15. b3 {[%emt 0:00:04]} Bf5 {[%emt 0:00:37]} 16. f3 {[%emt 0:00:07]} Re8 {[%emt 0:00:08]} 17. Bb2 {[%emt 0:00:02]} Bxe4 {[%emt 0:00:02]} 18. fxe4 {[%emt 0:00:01]} Rxe4+ {[%emt 0:00:01]} 19. Kd1 {[%emt 0:00:02]} cxb3 {[%emt 0:00:42]} 20. axb3 {[%emt 0:00:03]} Kb7 {[%emt 0:00:02]} 21. Bc3 {[%emt 0:00:10]} Rg8 {[%emt 0:00:15]} 22. Kc2 {[%emt 0:00:03]} Rg2 {[%emt 0:00:23]} 23. Rxf6 {[%emt 0:00:05]} Rxh2 {[%emt 0:00:07]} 24. Rxf7 {[%emt 0:00:04]} Bd6 {[%emt 0:00:03]} 25. Rf5 {[%emt 0:00:06]} a6 {[%emt 0:00:03]} 26. Rfa5 {[%emt 0:00:04]} Bb4 {[%emt 0:00:06]} 27. Rxa6 {[%emt 0:00:05]} Bxc3 {[%emt 0:00:06]} 28. Kxc3 {[%emt 0:00:01]} Rh3+ {[%emt 0:00:04]} 29. d3 {[%emt 0:00:04]} Ree3 {[%emt 0:00:04]} 30. Ra7+ {[%emt 0:00:01]} Kc8 {[%emt 0:00:01]} 31. Ra8+ {[%emt 0:00:04]} Kd7 {[%emt 0:00:01]} 32. Rd1 {[%emt 0:00:01]} h5 {[%emt 0:00:02]} 33. Rh8 {[%emt 0:00:03]} Re6 {[%emt 0:00:07]} 34. Rh7+ {[%emt 0:00:12]} Kd6 {[%emt 0:00:06]} 35. Kc4 {[%emt 0:00:02]} Rh4+ {[%emt 0:00:03]} 36. d4 {[%emt 0:00:03]} Kc6 {[%emt 0:00:11]} 37. b4 {[%emt 0:00:12]} Kb6 {[%emt 0:00:02]} 38. b5 {[%emt 0:00:02]} Rd6 {[%emt 0:00:02]} 39. Rh8 {[%emt 0:00:08]} Kb7 {[%emt 0:00:02]} 40. Kc5 {[%emt 0:00:07]} Rh2 {[%emt 0:00:03]} 41. Rc1 {[%emt 0:00:05]} Rd2 {[%emt 0:00:03]} 42. Rc4 {[%emt 0:00:01]} Rh2 {[%emt 0:00:03]} 43. Rh7 {[%emt 0:00:03]} h4 {[%emt 0:00:03]} 44. d5 {[%emt 0:00:04]} h3 {[%emt 0:00:01]} 45. Rch4 {[%emt 0:00:07]} Rc2+ {[%emt 0:00:01]} 46. Kb4 {[%emt 0:00:03]} Rxd5 {[%emt 0:00:02]} 47. Rxh3 {[%emt 0:00:01]} Rb2+ {[%emt 0:00:00]} 48. Kc4 {[%emt 0:00:02]} Rbxb5 {[%emt 0:00:00]} 49. Rf7 {[%emt 0:00:02]} Rbc5+ {[%emt 0:00:01]} 50. Kb4 {[%emt 0:00:01]} Rb5+ {[%emt 0:00:00]} 51. Kc4 {[%emt 0:00:01]} Rdc5+ {[%emt 0:00:00]} 52. Kd4 {[%emt 0:00:01]} Kb6 {[%emt 0:00:01]} 53. Rh6+ {[%emt 0:00:03]} c6 {[%emt 0:00:00]} 54. Rhh7 {[%emt 0:00:01]} Rd5+ {[%emt 0:00:01]} 55. Kc4 {[%emt 0:00:01]} Rbc5+ {[%emt 0:00:01]} 56. Kb4 {[%emt 0:00:03]} Rd4+ {[%emt 0:00:01]} 57. Kb3 {[%emt 0:00:01]} Rcd5 {[%emt 0:00:02]} 58. Rf3 {[%emt 0:00:05]} Kc5 {[%emt 0:00:01]} 59. Rc3+ {[%emt 0:00:02]} Kb6 {[%emt 0:00:03]} 60. Rh6 {[%emt 0:00:01]} Rd6 {[%emt 0:00:03]} 61. Rh5 {[%emt 0:00:04]} R4d5 {[%emt 0:00:03]} 62. Rh4 {[%emt 0:00:03]} Rb5+ {[%emt 0:00:01]} 63. Kc2 {[%emt 0:00:02]} Rg6 {[%emt 0:00:02]} 64. Rhc4 {[%emt 0:00:02]} Rg2+ {[%emt 0:00:01]} 65. Kc1 {[%emt 0:00:04]} Rg1+ {[%emt 0:00:01]} 66. Kc2 {[%emt 0:00:01]} Rg2+ {[%emt 0:00:00]} 67. Kc1 {[%emt 0:00:01]} c5 {[%emt 0:00:01]} 68. Rc2 {[%emt 0:00:03]} Rxc2+ {[%emt 0:00:03]} 69. Kxc2 {[%emt 0:00:02]} Kc6 {[%emt 0:00:01]} 70. Rh4 {[%emt 0:00:01]} Ra5 {[%emt 0:00:03]} 71. Rh3 {[%emt 0:00:01]} Ra4 {[%emt 0:00:07]} 72. Kb2 {[%emt 0:00:01]} Kb5 {[%emt 0:00:02]} 73. Rg3 {[%emt 0:00:01]} Rf4 {[%emt 0:00:05]} 74. Rh3 {[%emt 0:00:02]} Kb4 {[%emt 0:00:03]} 75. Rb3+ {[%emt 0:00:02]} Kc4 {[%emt 0:00:01]} 76. Rh3 {[%emt 0:00:02]} Kd4 {[%emt 0:00:04]} 77. Rh2 {[%emt 0:00:07]} c4 {[%emt 0:00:08]} 78. Rd2+ {[%emt 0:00:05]} Kc5 {[%emt 0:00:01]} 79. Rd8 {[%emt 0:00:01]} Rf2+ {[%emt 0:00:03]} 80. Kc3 {[%emt 0:00:01]} Rf3+ {[%emt 0:00:00]} 81. Kc2 {[%emt 0:00:01]} Rf5 {[%emt 0:00:03]} 82. Kc3 {[%emt 0:00:02]} Rf3+ {[%emt 0:00:01]} 83. Kc2 {[%emt 0:00:01]} Kb5 {[%emt 0:00:03]} 84. Rb8+ {[%emt 0:00:02]} Kc6 {[%emt 0:00:02]} 85. Rc8+ {[%emt 0:00:01]} Kd5 {[%emt 0:00:01]} 86. Rd8+ {[%emt 0:00:01]} Ke4 {[%emt 0:00:02]} 87. Re8+ {[%emt 0:00:06]} Kd4 {[%emt 0:00:01]} 88. Rd8+ {[%emt 0:00:01]} Kc5 {[%emt 0:00:03]} 89. Rc8+ {[%emt 0:00:01]} Kb4 {[%emt 0:00:01]} 90. Rb8+ {[%emt 0:00:01]} Ka3 {[%emt 0:00:02]} 91. Ra8+ {[%emt 0:00:02]} Kb4 {[%emt 0:00:01]} 92. Rb8+ {[%emt 0:00:01]} Kc5 {[%emt 0:00:01] MihailoVujic offers a draw MihailoVujic offers a draw MihailoVujic offers a draw MihailoVujic offers a draw MihailoVujic offers a draw} 93. Rc8+ {[%emt 0:00:01]} Kd4 {[%emt 0:00:01] (Lag: Av=0.91s, max=1.7s) (Lag: Av=0.91s, max=1.7s) (Lag: Av=0.91s, max=1.7s) (Lag: Av=0.91s, max=1.7s) (Lag: Av=0.91s, max=1.7s)} 1/2-1/2

[Event "Stay Safe Play From Home 375"]
[Site "Emanuel Lasker Arena"]
[Date "2020.08.11"]
[Round "3"]
[White "Imadns"]
[Black "Dreamsoldier"]
[Result "1-0"]
[WhiteElo "1996"]
[BlackElo "1320"]
[PlyCount "22"]
[EventDate "2020.08.11"]
[EventType "swiss (blitz)"]

1. e4 {[%emt 0:00:04]} Nf6 {[%emt 0:00:15]} 2. d3 {[%emt 0:00:04]} e5 {[%emt 0:00:01]} 3. Nf3 {[%emt 0:00:03]} d6 {[%emt 0:00:00]} 4. Nc3 {[%emt 0:00:02]} Nc6 {[%emt 0:00:00]} 5. Bg5 {[%emt 0:00:02]} Be7 {[%emt 0:00:31]} 6. h3 {[%emt 0:00:02]} h6 {[%emt 0:00:08]} 7. Bxf6 {[%emt 0:00:02]} Bxf6 {[%emt 0:00:00]} 8. Be2 {[%emt 0:00:01]} Be6 {[%emt 0:00:01]} 9. O-O {[%emt 0:00:07]} Qd7 {[%emt 0:00:00]} 10. Nd5 {[%emt 0:00:08]} O-O {[%emt 0:00:02]} 11. Nxf6+ {[%emt 0:00:06]} gxf6 {[%emt 0:00:00] Dreamsoldier terk eder Dreamsoldier terk eder Dreamsoldier terk eder Dreamsoldier terk eder Dreamsoldier terk eder} 1-0

[Event "Stay Safe Play From Home 375"]
[Site "Emanuel Lasker Arena"]
[Date "2020.08.11"]
[Round "3"]
[White "Haris kollari 13"]
[Black "W Nelles"]
[Result "0-1"]
[WhiteElo "1953"]
[BlackElo "1344"]
[Annotator "NA"]
[PlyCount "92"]
[EventDate "2020.08.11"]
[EventType "swiss (blitz)"]

1. e4 {[%emt 0:00:01]} e5 {[%emt 0:00:02]} 2. f4 {[%emt 0:00:04]} exf4 {[%emt 0:00:02]} 3. Nf3 {[%emt 0:00:01]} Nc6 {[%emt 0:00:02]} 4. d4 {[%emt 0:00:01]} d6 {[%emt 0:00:02]} 5. Bxf4 {[%emt 0:00:03]} Bg4 {[%emt 0:00:02]} 6. c3 {[%emt 0:00:01]} Qf6 {[%emt 0:00:04]} 7. Bg3 {[%emt 0:00:02]} Bxf3 {[%emt 0:00:03]} 8. gxf3 {[%emt 0:00:02]} Be7 {[%emt 0:00:04]} 9. Nd2 {[%emt 0:00:02]} O-O-O {[%emt 0:00:01]} 10. Bb5 {[%emt 0:00:02]} a6 {[%emt 0:00:06]} 11. Bxc6 {[%emt 0:00:01]} bxc6 {[%emt 0:00:01]} 12. Qe2 {[%emt 0:00:01]} Kb7 {[%emt 0:00:03]} 13. O-O-O {[%emt 0:00:06]} d5 {[%emt 0:00:03]} 14. e5 {[%emt 0:00:03]} Qg6 {[%emt 0:00:06]} 15. Nb3 {[%emt 0:00:04]} Ra8 {[%emt 0:00:08]} 16. Na5+ {[%emt 0:00:03]} Kb6 {[%emt 0:00:04]} 17. b4 {[%emt 0:00:01]} Nh6 {[%emt 0:00:08]} 18. Kb2 {[%emt 0:00:03]} Nf5 {[%emt 0:00:03]} 19. Rhg1 {[%emt 0:00:03]} Nxg3 {[%emt 0:00:07]} 20. Rxg3 {[%emt 0:00:02]} Qe6 {[%emt 0:00:01]} 21. Rxg7 {[%emt 0:00:03]} Rhg8 {[%emt 0:00:05]} 22. Rdg1 {[%emt 0:00:01]} Rxg7 {[%emt 0:00:02]} 23. Rxg7 {[%emt 0:00:01]} Bf6 {[%emt 0:00:02]} 24. Rxh7 {[%emt 0:00:06]} Bg5 {[%emt 0:00:03]} 25. Qg2 {[%emt 0:00:04]} Qg6 {[%emt 0:00:03]} 26. Rh3 {[%emt 0:00:04]} Bc1+ {[%emt 0:00:03]} 27. Kxc1 {[%emt 0:00:08]} Qxg2 {[%emt 0:00:01]} 28. Rh6 {[%emt 0:00:01]} Qg5+ {[%emt 0:00:03]} 29. f4 {[%emt 0:00:02]} Qxh6 {[%emt 0:00:01]} 30. Kb2 {[%emt 0:00:00]} Qxh2+ {[%emt 0:00:01]} 31. Ka3 {[%emt 0:00:03]} Qxf4 {[%emt 0:00:02]} 32. Nb3 {[%emt 0:00:02]} a5 {[%emt 0:00:03]} 33. Nxa5 {[%emt 0:00:02]} Rxa5+ {[%emt 0:00:02]} 34. bxa5+ {[%emt 0:00:01]} Kb5 {[%emt 0:00:04]} 35. Kb3 {[%emt 0:00:00]} Kxa5 {[%emt 0:00:01]} 36. a3 {[%emt 0:00:01]} Qc1 {[%emt 0:00:02]} 37. a4 {[%emt 0:00:02]} Qb1+ {[%emt 0:00:01]} 38. Ka3 {[%emt 0:00:01]} Qc1+ {[%emt 0:00:01]} 39. Kb3 {[%emt 0:00:01]} Qa1 {[%emt 0:00:04]} 40. c4 {[%emt 0:00:04]} Qxa4+ {[%emt 0:00:01]} 41. Kb2 {[%emt 0:00:02]} Qxc4 {[%emt 0:00:02]} 42. e6 {[%emt 0:00:00]} fxe6 {[%emt 0:00:03]} 43. Ka3 {[%emt 0:00:01]} Qb5 {[%emt 0:00:04]} 44. Ka2 {[%emt 0:00:01]} Ka4 {[%emt 0:00:01]} 45. Ka1 {[%emt 0:00:01]} Kb3 {[%emt 0:00:02]} 46. Kb1 {[%emt 0:00:01]} Qf1# {[%emt 0:00:01] (Lag: Av=0.68s, max=1.1s) (Lag: Av=0.68s, max=1.1s) (Lag: Av=0.68s, max=1.1s) (Lag: Av=0.68s, max=1.1s) (Lag: Av=0.68s, max=1.1s)} 0-1

[Event "Stay Safe Play From Home 375"]
[Site "Emanuel Lasker Arena"]
[Date "2020.08.11"]
[Round "3"]
[White "Padmaesh M K"]
[Black "Timbre"]
[Result "1-0"]
[WhiteElo "1815"]
[BlackElo "1606"]
[Annotator "NA"]
[PlyCount "61"]
[EventDate "2020.08.11"]
[EventType "swiss (blitz)"]

1. e4 {[%emt 0:00:03]} c6 {[%emt 0:00:09]} 2. c4 {[%emt 0:00:02]} d5 {[%emt 0:00:01]} 3. exd5 {[%emt 0:00:00]} cxd5 {[%emt 0:00:02]} 4. d4 {[%emt 0:00:00]} Nf6 {[%emt 0:00:02]} 5. Nc3 {[%emt 0:00:01]} Nc6 {[%emt 0:00:01]} 6. Nf3 {[%emt 0:00:01]} e6 {[%emt 0:00:03]} 7. Bg5 {[%emt 0:00:04]} Be7 {[%emt 0:00:02]} 8. Bd3 {[%emt 0:00:02]} a6 {[%emt 0:00:03]} 9. O-O {[%emt 0:00:02]} dxc4 {[%emt 0:00:05]} 10. Bxc4 {[%emt 0:00:01]} b5 {[%emt 0:00:03]} 11. Bd3 {[%emt 0:00:02]} Bb7 {[%emt 0:00:02]} 12. Qd2 {[%emt 0:00:17]} O-O {[%emt 0:00:09]} 13. Rad1 {[%emt 0:00:05]} Nb4 {[%emt 0:00:02]} 14. Ne5 {[%emt 0:00:16]} Nxd3 {[%emt 0:00:05]} 15. Qxd3 {[%emt 0:00:00]} Nd5 {[%emt 0:00:05]} 16. Bxe7 {[%emt 0:00:05]} Qxe7 {[%emt 0:00:02]} 17. Ne4 {[%emt 0:00:12]} Rad8 {[%emt 0:00:06]} 18. Nc5 {[%emt 0:00:02]} Ba8 {[%emt 0:00:15]} 19. f4 {[%emt 0:00:15]} Qh4 {[%emt 0:00:16]} 20. Qd2 {[%emt 0:00:26]} a5 {[%emt 0:00:12]} 21. Rf3 {[%emt 0:00:56]} Qe7 {[%emt 0:00:22]} 22. Rh3 {[%emt 0:00:08]} h6 {[%emt 0:00:07]} 23. Qxa5 {[%emt 0:00:10]} Nf6 {[%emt 0:00:09]} 24. Qd2 {[%emt 0:00:29]} Qc7 {[%emt 0:00:03]} 25. Rg3 {[%emt 0:00:01]} Qb6 {[%emt 0:00:10]} 26. f5 {[%emt 0:00:01]} exf5 {[%emt 0:00:07]} 27. Qxh6 {[%emt 0:00:02]} g6 {[%emt 0:00:08]} 28. Nxg6 {[%emt 0:00:02]} fxg6 {[%emt 0:00:02]} 29. Qxg6+ {[%emt 0:00:01]} Kh8 {[%emt 0:00:04]} 30. Rh3+ {[%emt 0:00:01]} Nh7 {[%emt 0:00:02]} 31. Rxh7# {[%emt 0:00:00] (Lag: Av=0.52s, max=0.8s) (Lag: Av=0.52s, max=0.8s) (Lag: Av=0.52s, max=0.8s) (Lag: Av=0.52s, max=0.8s) (Lag: Av=0.52s, max=0.8s)} 1-0

[Event "Stay Safe Play From Home 375"]
[Site "Emanuel Lasker Arena"]
[Date "2020.08.11"]
[Round "3"]
[White "Kongle"]
[Black "Dukic"]
[Result "0-1"]
[WhiteElo "1764"]
[BlackElo "1972"]
[PlyCount "74"]
[EventDate "2020.08.11"]
[EventType "swiss (blitz)"]

1. d4 {[%emt 0:00:06]} e6 {[%emt 0:00:01]} 2. c4 {[%emt 0:00:01]} Nf6 {[%emt 0:00:01]} 3. Nc3 {[%emt 0:00:01]} d5 {[%emt 0:00:01]} 4. Bg5 {[%emt 0:00:01]} c6 {[%emt 0:00:02]} 5. e3 {[%emt 0:00:01]} Nbd7 {[%emt 0:00:01]} 6. Bd3 {[%emt 0:00:01]} dxc4 {[%emt 0:00:02]} 7. Bxc4 {[%emt 0:00:02]} b5 {[%emt 0:00:01]} 8. Bd3 {[%emt 0:00:01]} Bb7 {[%emt 0:00:01]} 9. Nge2 {[%emt 0:00:01]} a6 {[%emt 0:00:01]} 10. f3 {[%emt 0:00:01]} c5 {[%emt 0:00:01]} 11. e4 {[%emt 0:00:03]} cxd4 {[%emt 0:00:02]} 12. Nxd4 {[%emt 0:00:02]} Ne5 {[%emt 0:00:01]} 13. Bc2 {[%emt 0:00:13]} Bc5 {[%emt 0:00:06]} 14. Nce2 {[%emt 0:00:07]} Qb6 {[%emt 0:00:05]} 15. Be3 {[%emt 0:00:13]} Rd8 {[%emt 0:00:02]} 16. O-O {[%emt 0:00:18]} Nc4 {[%emt 0:00:02]} 17. Bf2 {[%emt 0:00:06]} e5 {[%emt 0:00:01]} 18. b3 {[%emt 0:00:29]} Na3 {[%emt 0:00:14]} 19. Qc1 {[%emt 0:00:03]} Nxc2 {[%emt 0:00:05]} 20. Nxc2 {[%emt 0:00:08]} Bxf2+ {[%emt 0:00:08]} 21. Rxf2 {[%emt 0:00:02]} O-O {[%emt 0:00:07]} 22. Qe3 {[%emt 0:00:02]} Qd6 {[%emt 0:00:08]} 23. Nc3 {[%emt 0:00:10]} Rc8 {[%emt 0:00:01]} 24. Rd1 {[%emt 0:00:11]} Qe6 {[%emt 0:00:20]} 25. Nd5 {[%emt 0:00:12]} Bxd5 {[%emt 0:00:07]} 26. exd5 {[%emt 0:00:03]} Nxd5 {[%emt 0:00:01]} 27. Qe4 {[%emt 0:00:11]} Nc3 {[%emt 0:00:03]} 28. Qe1 {[%emt 0:00:13]} Nxd1 {[%emt 0:00:03]} 29. Qxd1 {[%emt 0:00:01]} Rfd8 {[%emt 0:00:02]} 30. Qe1 {[%emt 0:00:07]} Qb6 {[%emt 0:00:02]} 31. Ne3 {[%emt 0:00:04]} Rd3 {[%emt 0:00:18]} 32. Re2 {[%emt 0:00:13]} Rcd8 {[%emt 0:00:17]} 33. Kf1 {[%emt 0:00:07]} f5 {[%emt 0:00:08]} 34. Nxf5 {[%emt 0:00:03]} Rd1 {[%emt 0:00:03]} 35. Rxe5 {[%emt 0:00:22]} Rxe1+ {[%emt 0:00:03]} 36. Rxe1 {[%emt 0:00:03]} Rd2 {[%emt 0:00:04]} 37. Ne7+ {[%emt 0:00:12]} Kf7 {[%emt 0:00:02] Time Time Time Time Time (Lag: Av=0.67s, max=1.8s) (Lag: Av=0.67s, max=1.8s) (Lag: Av=0.67s, max=1.8s) (Lag: Av=0.67s, max=1.8s) (Lag: Av=0.67s, max=1.8s)} 0-1